banner koha

Caracteristicas fisicas de um latossolo amarelo muito argiloso do Estado do Amazonas sob diferentes metodos de preparo do solo (Registro n. 336753)

MARC details
000 -LÍDER
campo de controle de tamanho fixo 01255naa a22003257a 4500
001 - NÚMERO DE CONTROLE
campo de controle BR9404122
003 - IDENTIFICADOR DO NÚMERO DE CONTROLE
campo de controle BR-BrBNA
005 - DATA E HORÁRIO DA ÚLTIMA TRANSAÇÃO
campo de controle 20250721155501.0
007 - CAMPO FIXO DE DESCRIÇÃO FÍSICA--INFORMAÇÃO GERAL
campo de controle de tamanho fixo ta
008 - CAMPO DE DADOS FIXOS--INFORMAÇÃO GERAL
campo de controle de tamanho fixo 250630b bl.|||m| |||| 00| 0 por d
040 ## - FONTE DA CATALOGAÇÃO
Instituição da catalogação original BR-BrBNA
Idioma da catalogação por
Instituição que transcreveu o registro Biblioteca Nacional de Agricultura
041 ## - CÓDIGO DE IDIOMA
Código do idioma do texto/trilha sonora ou título diferente (Pt)
072 ## - CÓDIGO DE CATEGORIA DE ASSUNTO
Código de Categoria de Assunto F07; P33
090 ## - NÚMERO DE CHAMADA LOCAL
Número de chamada F07 BR9404122
100 1# - ENTRADA PRINCIPAL--NOME PESSOAL
Nome pessoal Correa, J.C.
111 1# - ENTRADA PRINCIPAL--NOME DO EVENTO
Nome do evento ou lugar 1. Simposio do Tropico Umido
Local do evento Belem, PA (Brazil)
Data do evento ou assinatura do tratado 12-17 Nov 1984
245 1# - TÍTULO
Título Caracteristicas fisicas de um latossolo amarelo muito argiloso do Estado do Amazonas sob diferentes metodos de preparo do solo
490 ## - TÍTULO DA SÉRIE
Título da série Documentos - Centro de Pesquisa Agropecuaria do Tropico Umido (Brazil)
Número do volume ou designação sequencial da série no. 36
500 ## - NOTA GERAL
Nota geral Anais do 1. Simposio do Tropico Umido v. 1 Clima e Solo<br/>Belem, PA (Brasil): 1984. p. 437-445 [Summaries (En, Pt); 17 ref.]<br/>(BR9404122-AMS)<br/>
650 ## - ASSUNTO--TERMO TÓPICO
Cabeçalho tópico ou nome geográfico Solo Argiloso
650 ## - ASSUNTO--TERMO TÓPICO
Cabeçalho tópico ou nome geográfico Latossolo Amarelo
650 ## - ASSUNTO--TERMO TÓPICO
Cabeçalho tópico ou nome geográfico Cultivo do Solo
650 ## - ASSUNTO--TERMO TÓPICO
Cabeçalho tópico ou nome geográfico Porosidade
650 ## - ASSUNTO--TERMO TÓPICO
Cabeçalho tópico ou nome geográfico Infiltracao
650 ## - ASSUNTO--TERMO TÓPICO
Cabeçalho tópico ou nome geográfico Condutividade Hidraulica
650 ## - ASSUNTO--TERMO TÓPICO
Cabeçalho tópico ou nome geográfico Amazonas
773 0# - ENTRADA ANALÍTICA
Título Anais do 1. Simposio do Tropico Umido v. 1 Clima e Solo
Número de controle do registro F07 BR9404122
Partes relacionadas Belem, PA (Brasil), 1984. p. 437-445
942 ## - ELEMENTOS DE ENTRADA ADICIONADOS (KOHA)
Tipo de material Koha Analítica de Monografia Seriada
Fonte da classificação ou esquema de arquivamento na estante Classificação AGRIS
909 ## -
-- 202506
-- Lúcia
-- 55
-- Lúcia Elande
Exemplares
Situação do descarte Fonte da classificação ou esquema de arquivamento na estante Situação física Não pode ser emprestado Coleção Biblioteca de origem Biblioteca atual Total de empréstimos Data de último acesso Número do exemplar Tipo de material Koha Situação das perdas Data de aquisição Fonte de aquisição
  Classificação AGRIS       Biblioteca Nacional de Agricultura - Binagri Biblioteca Nacional de Agricultura - Binagri   30/06/2025 01 Analítica de Monografia Seriada   2025-06-30 Portaria Interministerial nº 164/94

BINAGRI

Telefone: (61)3218-2567/2388/3357/2097 - binagri@agro.gov.br

Ministério da Agricultura e Pecuária , Esplanada dos Ministérios, Bloco D, Anexo B, Brasília/DF, CEP: 70.043-900